Seb Lowe - Ode to Brittania Lyrics - Statistics

General Stats
  • This quiz has been taken 30 times
  • The average score is 265 of 422
Answer Stats
Answer % Correct
a
100%
are
100%
So
100%
so
100%
what
100%
What
100%
ya?
100%
ya,
100%
about
83%
Always
83%
and
83%
And
83%
anymore
83%
at
83%
bit
83%
Both
83%
Britain
83%
by
83%
Bystander,
83%
Central,
83%
clouded
83%
communist!
83%
concerned
83%
could
83%
Couldn't
83%
dirty
83%
Educated,
83%
ever
83%
Far
83%
far
83%
fucking
83%
Get
83%
go?
83%
gonna
83%
good
83%
great
83%
he
83%
head
83%
heart
83%
I
83%
If
83%
I'm
83%
in
83%
indecisive
83%
influence
83%
Instinct
83%
it
83%
it?
83%
it's
83%
just
83%
Karl
83%
know
83%
knows
83%
labour,
83%
land,
83%
leaning,
83%
learn
83%
Left
83%
left,
83%
left
83%
liberal
83%
Marx,
83%
me,
83%
middle
83%
my
83%
nest
83%
never
83%
No,
83%
no
83%
Not
83%
nothing
83%
Nothing
83%
nuanced
83%
Nurtured
83%
others
83%
out
83%
outgrow
83%
race
83%
real,
83%
Right
83%
right
83%
right,
83%
same
83%
say
83%
Say
83%
shit
83%
shitface
83%
Smart
83%
Smarter
83%
Smith
83%
sure
83%
take
83%
than
83%
that
83%
That
83%
the
83%
The
83%
then,
83%
then
83%
Then
83%
There's
83%
to
83%
Tory,
83%
When
83%
when
83%
who
83%
wing
83%
with
83%
worked
83%
You
83%
you
83%
you?
83%
your
83%
you're
83%
class
67%
Find
67%
Keynes,
67%
learning
67%
made
67%
Make
67%
meet
67%
Of
67%
back
50%
be
50%
book,
50%
bored
50%
companies
50%
crisis
50%
crisis?
50%
different
50%
do
50%
does
50%
don't
50%
Don't
50%
easy
50%
Energy
50%
face
50%
government
50%
how
50%
immortality
50%
Is
50%
is
50%
like
50%
look
50%
Medical
50%
mind
50%
past
50%
profit
50%
profits
50%
quite
50%
Reckon
50%
ruling
50%
sort
50%
Tell
50%
took
50%
used
50%
where
50%
backwards,
33%
bought
33%
came
33%
care
33%
century
33%
come
33%
crawling
33%
escaped
33%
fine
33%
freedom?
33%
had
33%
have
33%
haven't
33%
history
33%
killing
33%
Many
33%
many
33%
More
33%
much
33%
Murder
33%
murder
33%
plan
33%
Somebody
33%
their
33%
tyrant
33%
we
33%
Year,
33%
year,
33%
year
33%
against
17%
anarchic
17%
argue
17%
as
17%
away
17%
blood
17%
complaint
17%
complaints
17%
Complaints
17%
conspiracy
17%
determines
17%
dismissed
17%
down
17%
every
17%
Every
17%
forever
17%
gets
17%
has
17%
ineffective
17%
mean
17%
Most
17%
politicians
17%
potential,
17%
privilege
17%
pumping
17%
rejected
17%
Run
17%
schools
17%
set
17%
something
17%
swore
17%
system
17%
three
17%
trickles
17%
value
17%
went
17%
will
17%
word
17%
words
17%
Words
17%
would
17%
all
0%
anew
0%
blokes
0%
copy
0%
drugs,
0%
got
0%
help
0%
Hollywood
0%
Hope
0%
idea
0%
I've
0%
leaders
0%
let
0%
lies
0%
lot,
0%
maybe
0%
Money,
0%
Move
0%
news
0%
on
0%
paste
0%
people
0%
place
0%
Regenerate
0%
rot
0%
start
0%
surе
0%
Ten
0%
that's
0%
ways
0%
world
0%
wouldn't
0%
No matching quizzes found
Score Distribution
Percent of People with Each Score
Percentile by Number Answered
Your Score History
You have not taken this quiz